• 首页
  • 本馆介绍
  • 公告通知
  • 最新文献
  • 馆藏检索
  • 电子资源
  • 读者导购
  • 参考咨询
  • 我的图书馆
  • 登录
  • 详细信息显示
  • 放入我的书架
  • 预约/预借图书
  • 作者相关作品
  • 分类相关作品
  • 丛书相关作品
  • 出版社相关作品

书目信息

  • 表格格式
  • 工作单格式
  • 卡片格式
题名:
马克思恩格斯列宁斯大林论巴黎公社
    
 
作者: ;中共中央马克思恩格斯列宁斯大林著作编译局 编
分册:  
出版信息: 北京   人民出版社  1971
页数: 687页
开本: 20cm
丛书名:
单 册:
中图分类: A562
科图分类:
主题词: 马列著作--巴黎公社 , 巴黎公社--马列著作
电子资源:
ISBN:
000 00835nam0 2200217 450
001 0755134485
005 20070707153124.70
010    @dCNY2.50@b精装
091    @b1001.841
100    @a20070706d1971 km y0chiy0120 ea
101 0  @achi
102    @aCN@b110000
200 1  @a马克思恩格斯列宁斯大林论巴黎公社@Ama ke si en ge si lie ning si da lin lun ba li gong she@f中共中央马克思恩格斯列宁斯大林著作编译局编@Fzhong gong zhong yang ma ke si en ge si lie ning si da lin zhu zuo bian yi ju bian
210    @a北京@c人民出版社@d1971
215    @a687页@d20cm
606 0  @a马列著作@x巴黎公社
606 0  @a巴黎公社@x马列著作
690    @aA562@v3
711 02 @a中共中央马克思恩格斯列宁斯大林著作编译局@Azhong gong zhong yang ma ke si en ge si lie ning si da lin zhu zuo bian yi ju@4编
801  0 @aCN@bPFT@c20070707
905    @a10447@dA562@e83
    
    马克思恩格斯列宁斯大林论巴黎公社/中共中央马克思恩格斯列宁斯大林著作编译局编.-北京:人民出版社,1971
    687页;20cm
    
    
    ISBN (精装):CNY2.50
    
●
相关链接 在E读中查询图书 在五车中查询图书 在当当中查询图书 在豆瓣中查询图书


正题名:马克思恩格斯列宁斯大林论巴黎公社     索取号:A562/83         预约/预借

序号 登录号 条形码 馆藏地/架位号 状态 备注
1 0766795   207667951   第一样本阅览室/ [索取号:A562/83] 在馆    
唐山师范学院图书馆 欢迎您!
大连网信软件有限公司© 版权所有